[Event "GER-chT U12 Girls"]
[Site "Berlin"]
[Date "2022.12.28"]
[Round "5.3"]
[White "Neurohr, Katharina"]
[Black "John, Linnea"]
[Result "0-1"]
[WhiteElo "941"]
[BlackElo "1326"]
[PlyCount "67"]
[EventDate "2022.12.26"]
[EventType "team-swiss"]
[EventRounds "7"]
[EventCountry "GER"]
[SourceTitle "EXT 2024"]
[Source "ChessBase"]
[SourceDate "2023.10.10"]
[SourceVersion "1"]
[SourceVersionDate "2023.10.10"]
[SourceQuality "1"]
[WhiteTeam "Oberschoeneweide"]
[BlackTeam "Berlin Weisse Dame"]
[WhiteTeamCountry "GER"]
[BlackTeamCountry "GER"]

1. e4 c5 2. d4 cxd4 3. c3 d3 4. Bxd3 g6 5. Be3 Bg7 6. Nf3 d6 7. 0-0 Nf6 8. Nbd2 0-0 9. Re1 Nc6 10. Nf1 Bg4 11. h3 Bxf3 12. Qxf3 Ne5 13. Qd1 Rc8 14. Ng3 Nfd7 15. f4 Nxd3 16. Qxd3 Nc5 17. Bxc5 Rxc5 18. Rac1 Qb6 19. Kh2 Qxb2 20. Rc2 Qb5 21. Qxb5 Rxb5 22. Rd1 Rc8 23. Rd5 Rxd5 24. exd5 Rxc3 25. Re2 Kf8 26. Re4 Rc5 27. Rb4 b6 28. a4 Rxd5 29. Rc4 Rc5 30. Rb4 a5 31. Ne2 Rc2 32. Nd4 Bxd4 33. Rxd4 e6 34. Kg3 0-1

[Event "GER-chT U12 Girls"]
[Site "Berlin"]
[Date "2022.12.27"]
[Round "3"]
[White "Neurohr, Katharina"]
[Black "Ali, Maha"]
[Result "0-1"]
[WhiteElo "941"]
[BlackElo "1011"]
[PlyCount "78"]
[EventDate "2022.12.26"]
[EventType "team-swiss"]
[EventRounds "7"]
[EventCountry "GER"]
[SourceTitle "CBM 212 Extra"]
[Source "ChessBase"]
[SourceDate "2023.03.31"]
[SourceVersion "1"]
[SourceVersionDate "2023.03.31"]
[SourceQuality "1"]
[WhiteTeam "Oberschoeneweide"]
[BlackTeam "Lichtenberg Borussia"]
[WhiteTeamCountry "GER"]
[BlackTeamCountry "GER"]

1. e4 c6 2. d4 d5 3. exd5 cxd5 4. Nf3 Bg4 5. Be2 Nd7 6. Nc3 Ngf6 7. Bg5 h6 8. Bf4 e6 9. 0-0 Be7 10. h3 Bh5 11. Ne5 Bxe2 12. Nxe2 0-0 13. b3 Rc8 14. c4 Nxe5 15. dxe5 Nh5 16. cxd5 Nxf4 17. Nxf4 Bg5 18. Qd4 Bxf4 19. Qxf4 Qxd5 20. Rfd1 Qc5 21. Rac1 Qb6 22. Rxc8 Rxc8 23. Qd4 Qa6 24. Rd2 Rc1+ 25. Rd1 Rxd1+ 26. Qxd1 Qxa2 27. Qd8+ Kh7 28. Qd7 Qa1+ 29. Kh2 Qxe5+ 30. g3 Qb2 31. Kg2 Qxb3 32. Qxf7 a5 33. h4 a4 34. g4 a3 35. g5 Qd5+ 36. Kg3 Qf5 37. Qe8 a2 38. Qa8 Qe5+ 39. Kg4 a1Q 0-1